| 000 | 00755nam a22002417a 4500 | ||
|---|---|---|---|
| 003 | UA-OsUOA | ||
| 001 | 80127 | ||
| 007 | ta | ||
| 008 | 20111129b un ||||| |||| 00| 0 ukr d | ||
| 090 | _a81,374,822 | ||
| 942 | _cBK | ||
| 040 |
_aUA-OsUOA _bukr _cUA-OsUOA _dUA-OsUOA |
||
| 245 |
_aФранцузько-український словник _bблизько 22000 слів _cза ред. Бурбело Б.І. |
||
| 300 | _a416 с. | ||
| 955 | _a2 | ||
| 041 | _aukr | ||
| 080 | _a81,374,822 | ||
| 020 | _a5-330-01183-3 | ||
| 260 |
_aК. _bРадянська школа _c1989 |
||
| 250 | _n2-ге вид. | ||
| 650 | 7 |
_a8 Мовознавство. Художня література. Літературознавство _2UDC |
|
| 999 |
_c366443 _d366443 |
||